000 00437nam a22001457a 4500
003 OSt
005 20160817100716.0
008 160817b xxu||||| |||| 00| 0 eng d
020 _a9780803977938
040 _cN/A
100 _aGibbons Michael
245 _aNew production of Knowledge
_bDynamics of Science and reseach in contemporary societies
260 _aNew Delhi
_bSage publications Asia Pacific Pte Ltd
_c1994
942 _2lcc
_cBK
999 _c255015
_d255014